Las 100 ciudades más grandes de Costa Rica en un mapa - Estadísticas

Estadísticas generales
  • Esta prueba ha sido intentada 31 veces
  • La puntuación promedio es 23 de 100
Respuestas en el mapa
Las respuestas están codificadas por una escala verde-roja en el mapa de la prueba según el % correcto abajo.
 
Estadísticas de respuestas
Población Ciudad % Correcto
1.453.500 San José
92%
367.900 Heredia
81%
65.300 Limón
77%
196.900 Alajuela
73%
232.300 Cartago
73%
87.500 Puntarenas
73%
59.100 Liberia
69%
16.600 Santa Cruz de Guanacaste
54%
17.300 Nicoya
50%
9.300 Atenas
46%
38.800 Guápiles
46%
14.400 Jacó
42%
40.600 San Ramón de los Palmares
42%
29.900 Turrialba
42%
3.740 Cahuita
38%
38.300 Grecia
38%
32.300 Quesada de San Carlos
38%
9.140 San Pedro de Poás
38%
8.050 Bagaces
35%
18.700 Buenos Aires de Puntarenas
35%
7.980 Golfito
35%
8.640 Orotina
35%
22.800 Siquirres
35%
6.120 Upala
35%
4.860 Palmar
31%
3.870 Tamarindo
31%
9.550 Canoas
27%
28.600 Esparza
27%
6.460 Los Chiles
27%
19.900 Naranjo de Alajuela
27%
12.800 Neily
27%
3.530 Pacayas
27%
30.700 Palmares de Alajuela
27%
10.800 Parrita
27%
6.180 San Vito
27%
6.670 Sarchí
27%
22.700 Cañas
23%
4.670 Cervantes
23%
5.010 Juan Viñas
23%
6.680 La Cruz
23%
4.210 Puerto Jiménez
23%
10.500 Puerto Viejo de Sarapiquí
23%
7.700 Río Claro
23%
7.600 San Marcos de Tarrazú
23%
12.200 San Miguel de Santo Domingo
23%
2.980 Zarcero
23%
13.800 Guácimo
19%
4.940 Matina
19%
6.420 Orosi
19%
5.140 Puerto Cortés
19%
4.330 San Pablo de León Cortés
19%
8.170 Santiago de Puriscal
19%
4.510 Sixaola
19%
7.560 Tilarán
19%
10.500 Aguas Zarcas
15%
6.220 Belén
15%
9.180 Cot
15%
11.700 Florencia
15%
15.400 La Fortuna
15%
8.030 Miramar
15%
66.300 San Isidro de El General
15%
4.430 Santa Rosa de Pocosol
15%
3.150 Cachí
12%
26.000 Cariari
12%
5.600 Filadelfia de Guanacaste
12%
6.590 Garita
12%
5.250 La Suiza
12%
12.000 Pital
12%
2.650 Tucurrique
12%
5.940 Turrúcares
12%
9.290 Carrillos
8%
4.270 Las Juntas
8%
2.850 Lepanto
8%
6.630 Pocora
8%
3.780 Río Jiménez
8%
7.900 Roxana
8%
2.840 San Rafael de Guatuso
8%
11.200 Sardinal
8%
4.460 Tacares
8%
4.630 Tárcoles
8%
5.150 Tierra Blanca
8%
11.000 Batán
4%
4.740 Carrizal
4%
4.090 El Cairo
4%
4.360 Pacuarito
4%
5.490 Palmira de Carrillo
4%
2.920 Pavones
4%
9.670 Rita
4%
31.900 San Isidro de Heredia
4%
4.550 San José de la Montaña
4%
57.500 San Rafael de Alajuela
4%
7.640 Carrandi
0%
3.430 Cartagena
0%
16.100 Puerto Quepos
0%
4.620 Purabá
0%
4.000 San Isidro de Grecia
0%
6.060 San José de Grecia
0%
3.200 Tempate
0%
12.100 Tobosi
0%
2.560 Vuelta de Jorco
0%
No se encontraron pruebas coincidentes
Distribución de puntuación
Porcentaje de gente con cada puntuación
Porcentaje por número respondido
Historial de tus puntuaciones
No has intentado esta prueba.